| 000 -LEADER |
| fixed length control field |
01123nam a22002417a 4500 |
| 003 - CONTROL NUMBER IDENTIFIER |
| control field |
OSt |
| 005 - DATE AND TIME OF LATEST TRANSACTION |
| control field |
20180903071421.0 |
| 008 - FIXED-LENGTH DATA ELEMENTS--GENERAL INFORMATION |
| fixed length control field |
180220b xxu||||| |||| 00| 0 spa d |
| 020 ## - INTERNATIONAL STANDARD BOOK NUMBER |
| International Standard Book Number |
9502002695 |
| 040 ## - CATALOGING SOURCE |
| Transcribing agency |
PJ |
| 100 ## - ASIENTO PRINCIPAL - NOMBRE DE PERSONA |
| 9 (RLIN) |
1942 |
| Personal name |
Kielmanovich, Jorge L. |
| 245 13 - MENCIÓN DE TÍTULO |
| Título propiamente dicho |
La prueba en el proceso civil: |
| Parte restante del título |
cuestiones de derecho probatorio nacional y comparado / |
| Mención de responsabilidad, etc |
Jorge L. Kielmanovich. |
| 260 ## - PUBLICATION, DISTRIBUTION, ETC. (IMPRINT) |
| Place of publication, distribution, etc |
Buenos Aires : |
| Date of publication, distribution, etc |
Abeledo-Perrot, |
| Name of publisher, distributor, etc |
1985. |
| 300 ## - DESCRIPCION FISICA |
| Extent |
156 p. |
| Dimensions |
23 cm. |
| 500 ## - NOTA GENERAL |
| General note |
Notas y citas bibliográficas a pie de página. |
| 505 ## - FORMATTED CONTENTS NOTE |
| Formatted contents note |
Contenido:<br/>La grabación subrepticia de una conversación telefónica como prueba como prueba en el proceso civil -- La verdad y el proceso -- La prueba de la responsabilidad médica en la jurisprudencia estadounidense -- La dirección material del proceso y la igualdad de las partes -- El libre interrogatorio de las partes. |
| 650 #0 - ASIENTO SECUNDARIO DE MATERIA - TERMINO TEMATICO |
| 9 (RLIN) |
1148 |
| Topical term or geographic name as entry element |
DERECHO PROCESAL CIVIL |
| 650 #0 - ASIENTO SECUNDARIO DE MATERIA - TERMINO TEMATICO |
| 9 (RLIN) |
1947 |
| Topical term or geographic name as entry element |
ETAPA PROBATORIA |
| 650 #0 - ASIENTO SECUNDARIO DE MATERIA - TERMINO TEMATICO |
| 9 (RLIN) |
1975 |
| Topical term or geographic name as entry element |
PRUEBA |
| 650 #0 - ASIENTO SECUNDARIO DE MATERIA - TERMINO TEMATICO |
| 9 (RLIN) |
1971 |
| Topical term or geographic name as entry element |
MEDIOS DE PRUEBA |
| 650 #0 - ASIENTO SECUNDARIO DE MATERIA - TERMINO TEMATICO |
| 9 (RLIN) |
1976 |
| Topical term or geographic name as entry element |
INTERVENCIÓN DE LÍNEA TELEFÓNICA |
| 942 ## - ADDED ENTRY ELEMENTS (KOHA) |
| Source of classification or shelving scheme |
|
| Koha item type |
Libros |
| Classification part |
347.94 |
| Item part |
KIE |